Central Library OPAC University of Rajshahi
Normal view MARC view

Entry Geographic Name

Number of records used in: 3

001 - CONTROL NUMBER

  • control field: 2353

003 - CONTROL NUMBER IDENTIFIER

  • control field: BD-RjUL

005 - DATE AND TIME OF LATEST TRANSACTION

  • control field: 20220410150146.0

008 - FIXED-LENGTH DATA ELEMENTS

  • fixed length control field: 220410|| aca||aabn | a|a d

040 ## - CATALOGING SOURCE

  • Original cataloging agency: BD-RjUL
  • Transcribing agency: BD-RjUL

151 ## - HEADING--GEOGRAPHIC NAME

  • Geographic name: الدولة الأندلسية
  • General subdivision: المدن
  • Geographic subdivision: طرطوشة

670 ## - SOURCE DATA FOUND

  • Source citation: Work cat.: (BD-RjUL)79682: ضيف، شوقي،[dayfi, shawqi,] 1910-2005 محقق 2333, المغرب في حلى المغرب /[almaghrib fi hlaa almaghrib] /, 1953